Elementary surveying: an introduction to Geomatics

Gespeichert in:
Bibliographische Detailangaben
Hauptverfasser: Ghilani, Charles D (VerfasserIn), Wolf, Paul R (VerfasserIn)
Format: Buch
Sprache:Englisch
Veröffentlicht: Boston Prentice Hall 2012
Ausgabe:13a. ed
Schlagworte:
Tags: Tag hinzufügen
Keine Tags, Fügen Sie den ersten Tag hinzu!

MARC

LEADER 00000cam a2200000 a 4500
001 UCE4769
003 CL-VaPUC
008 141113e20120000us |||||||||||||||||eng|d
020 |a 9780132554343 
082 0 4 |a 526.9  |b GHI  |2 21 
100 |a Ghilani, Charles D  |e author  |9 577253 
700 0 |a Wolf, Paul R  |e author  |9 577254 
245 1 0 |a Elementary surveying: an introduction to Geomatics 
250 |a 13a. ed 
300 |a 958 p 
942 |c BK 
945 |d 20141113 14:00:00  |a dcastane 
260 |a Boston  |b Prentice Hall  |c 2012 
650 0 |a Topografía   |9 260423 
650 7 |a MEDICIONES  |2 CL-VaPUC  |9 314798 
650 7 |a NIVELACION  |2 CL-VaPUC  |9 392998 
650 0 |a Cartografía   |9 266055 
650 0 |a Fotogrametría   |9 260424 
583 |a last modification  |c 20141113 14:00:00  |k Rodrigo Vera 
999 |c 357649  |d 357647 
952 |0 0  |1 0  |3 erd  |4 0  |6 526_900000000000000_GHI_2012  |7 0  |8 CCM  |9 465677  |a BIBCUR  |b BIBCUR  |i 5122759  |o 526.9 GHI 2012  |p 5122759  |r 2025-04-22  |w 2019-11-23  |y BK  |z Catalogado en:20141113  |k CIM